The Spirit of Folk Art (Record no. 1282)

MARC details
000 -CABECERA
campo de control de longitud fija 00959nam a2200229 a 4500
001 - NÚMERO DE CONTROL
campo de control BRCA_1420
005 - FECHA Y HORA DE LA ÚLTIMA TRANSACCIÓN
campo de control 20190320203423.0
008 - DATOS DE LONGITUD FIJA--INFORMACIÓN GENERAL
campo de control de longitud fija 880617s1989 nyua---##b---#001-0#eng-#
020 ## - NÚMERO INTERNACIONAL ESTÁNDAR DEL LIBRO
Número Internacional Estándar del Libro 0890131937
050 #4 - SIGNATURA TOPOGRÁFICA DE LA BIBLIOTECA DEL CONGRESO
Número de clasificación NK607
Número de documento/Ítem .G53 1989
100 1# - ENTRADA PRINCIPAL--NOMBRE DE PERSONA
Nombre de persona Glassie, Henry H.
9 (RLIN) 4641
245 10 - MENCIÓN DE TÍTULO
Título The Spirit of Folk Art
Resto del título the Girard Collection at the Museum of International Folk Art
Mención de responsabilidad, etc. Henry Glassie ; color photography by Michel Monteaux ; black-and-white photography and drawings by Henry Glassie.
260 ## - PUBLICACIÓN, DISTRIBUCIÓN, ETC.
Lugar de publicación, distribución, etc. Nueva York
Nombre del editor, distribuidor, etc. Harry N. Abrams : Santa Fe : Museum of New Mexico
Fecha de publicación, distribución, etc. 1989
300 ## - DESCRIPCIÓN FÍSICA
Extensión 276 p.
Otras características físicas il. (algunas a color)
Dimensiones 27 cm.
500 ## - NOTA GENERAL
Nota general Incluye índice alfabético de ilustraciones
504 ## - NOTA DE BIBLIOGRAFÍA, ETC.
Nota de bibliografía, etc. Bibliografía: p. 265-269
600 14 - PUNTO DE ACCESO ADICIONAL DE MATERIA--NOMBRE DE PERSONA
Nombre de persona Girard, Alexander
Subdivisión general Colecciones de arte
9 (RLIN) 4642
610 24 - PUNTO DE ACCESO ADICIONAL DE MATERIA--NOMBRE DE ENTIDAD CORPORATIVA
Nombre de entidad corporativa o nombre de jurisdicción como elemento de entrada Museo Internacional de Arte Popular
Subdivisión de forma Exposiciones
9 (RLIN) 4643
650 14 - PUNTO DE ACCESO ADICIONAL DE MATERIA--TÉRMINO DE MATERIA
Término de materia o nombre geográfico como elemento de entrada Arte popular
Subdivisión de forma Exposiciones
9 (RLIN) 4223
700 1# - PUNTO DE ACCESO ADICIONAL--NOMBRE DE PERSONA
Nombre de persona Monteaux, Michel
9 (RLIN) 4644
942 ## - ELEMENTOS DE PUNTO DE ACCESO ADICIONAL (KOHA)
Fuente del sistema de clasificación o colocación Library of Congress Classification
Tipo de ítem Koha Libros
Holdings
Estado de retiro Estado de pérdida Estado dañado No para préstamo Localización permanente Ubicación/localización actual Fecha de adquisición Total de préstamos Signatura topográfica completa Código de barras Fecha visto por última vez Precio válido a partir de Tipo de ítem Koha
El ejemplar forma parte de la colección y puede ser consultado según las políticas vigentes.       Biblioteca del Museo Franz Mayer (Rogerio Casas-Alatriste) Biblioteca del Museo Franz Mayer (Rogerio Casas-Alatriste) 26/06/2008   NK607 .G53 1989 01947 22/03/2019 22/03/2019 Libros